La revolución del 6 de septiembre de 1930 /
Guardado en:
| Autor Principal: | |
|---|---|
| Formato: | Libro |
| Idioma: | Undetermined |
| Publicado: |
Buenos Aires :
Dunken,
2000.
|
| Edición: | 1a. ed. |
| Materias: | |
| Etiquetas: |
Agregar Etiqueta
Sin Etiquetas, Sea el primero en etiquetar este registro!
|
| LEADER | 00590nam a22001695a 4500 | ||
|---|---|---|---|
| 001 | DER.der015134 | ||
| 008 | 250218s2000####ag############000#0#und#d | ||
| 005 | 20250218120201.0 | ||
| 245 | 1 | 0 | |a La revolución del 6 de septiembre de 1930 / |c Carlos Guillermo Frontera. |
| 250 | |a 1a. ed. | ||
| 260 | |a Buenos Aires : |b Dunken, |c 2000. | ||
| 300 | |a 50 p. | ||
| 500 | |a Publicaciones de la cátedra de historia constitucional, Universidad Nacional del Sur. | ||
| 020 | |a 9879281403 | ||
| 100 | 1 | |a Frontera, Carlos Guillermo. | |
| 650 | 7 | |a HISTORIA CONSTITUCIONAL | |
| 859 | |a DERECHO |b BIB. DERECHO |h 342.029 |i FRO |p 000449 | ||
